| 000 | 00657nam a22001937a 4500 | ||
|---|---|---|---|
| 003 | OSt | ||
| 005 | 20140310182155.0 | ||
| 008 | 130830t xxu||||| |||| 00| 0 eng d | ||
| 020 | _a9781575420240 | ||
| 050 |
_aBJ 1857 _b.C5P33 1997 |
||
| 082 |
_aHS 395.123 _bP33 1997 |
||
| 100 |
_aPAcker, Alex J. _915921 |
||
| 245 |
_aHow rude! : _bThe teeagers; guide to goo manners, proper behavior, and not grossing people out. _cPacker, Alex J. |
||
| 260 |
_aMinneapolis : _bFree spirit publishing Inc, _c1997. |
||
| 300 |
_a465 p. : _bill.; _c230 |
||
| 650 |
_a Etiquette for children and teeagers (Etiquette) _xTitle _915922 |
||
| 942 |
_2lcc _cHS |
||
| 999 |
_c10075 _d10075 |
||